| 000 | 00437nam a2200169Ia 4500 | ||
|---|---|---|---|
| 005 | 20250106014939.0 | ||
| 008 | 240331s9999 xx 000 0 und d | ||
| 020 | _a0140271716 | ||
| 082 |
_bBUT _25719 _a305 |
||
| 100 | _aButalia,U | ||
| 245 | 4 |
_aThe Other Side of Silence _bVoices from the Partition of India |
|
| 260 |
_aNew Delhi _bPenguin Books _c1998 |
||
| 300 | _axii, 371 p., | ||
| 650 | _aWomen | ||
| 650 | _aHistory | ||
| 942 | _cL | ||
| 999 |
_c4464 _d4464 |
||